[Event "BL 2324 HSK Lister Turm - SK Doppelbauer"]
[Site "?"]
[Date "2024.02.24"]
[Round "10.1"]
[White "Cheparinov, Ivan"]
[Black "Pfreundt, Jakob"]
[Result "1/2-1/2"]
[WhiteElo "2634"]
[BlackElo "2462"]
[PlyCount "54"]
[EventDate "2024.??.??"]

1. e4 e6 2. d4 d5 3. e5 c5 4. c3 Nc6 5. Nf3 Bd7 6. Be2 Nge7 7. O-O Nf5 8. dxc5 a5 9. Nd4 Nfxd4 10. cxd4 b6 11. Be3 bxc5 12. dxc5 Qb8 13. Nc3 Qxe5 14. Nb5 Be7 15. Qd2 O-O 16. f4 Qb8 17. a4 Rd8 18. Rfc1 Bf6 19. Ra3 e5 20. fxe5 Bxe5 21. Rf1 Be6 22. Bf4 Bxf4 23. Qxf4 Qxf4 24. Rxf4 Rac8 25. Nd6 Rc7 26. Nb5 Rcc8 27. Nd6 Rc7 1/2-1/2

[Event "BL 2324 HSK Lister Turm - SK Doppelbauer"]
[Site "?"]
[Date "2024.02.24"]
[Round "10.3"]
[White "Yuffa, Daniil"]
[Black "Walter, Stefan"]
[Result "1-0"]
[WhiteElo "2605"]
[BlackElo "2378"]
[PlyCount "83"]
[EventDate "2024.??.??"]

1. e4 e5 2. Nf3 Nc6 3. Bb5 a6 4. Ba4 Nf6 5. O-O Be7 6. d3 b5 7. Bb3 d6 8. Bd2 O-O 9. h3 Be6 10. Nc3 Bxb3 11. axb3 Re8 12. Re1 Qd7 13. Bg5 h6 14. Bh4 Nb4 15. d4 Rad8 16. Na2 Nxa2 17. Rxa2 Qc6 18. Qd3 Nd7 19. d5 Qb7 20. b4 c6 21. Bxe7 Rxe7 22. Nh4 g6 23. Rea1 Nb8 24. dxc6 Qxc6 25. Nf3 d5 26. Ra3 Ree8 27. exd5 Rxd5 28. Qe3 Kg7 29. Rc3 Qd6 30. Rc5 Re6 31. Rxd5 Qxd5 32. Nd2 Nd7 33. Ne4 Rc6 34. c3 f5 35. Nd2 Rd6 36. Nf3 e4 37. Nd4 Ne5 38. Qg3 Kh7 39. f3 Nc6 40. Rxa6 Ne5 41. fxe4 fxe4 42. Ra5 1-0

[Event "BL 2324 HSK Lister Turm - SK Doppelbauer"]
[Site "?"]
[Date "2024.02.24"]
[Round "10.5"]
[White "Gumularz, Szymon"]
[Black "Schulze, Torben"]
[Result "1-0"]
[WhiteElo "2591"]
[BlackElo "2328"]
[PlyCount "81"]
[EventDate "2024.??.??"]

1. d4 Nf6 2. c4 c5 3. d5 e6 4. Nf3 d6 5. Nc3 exd5 6. cxd5 g6 7. Nd2 Bg7 8. e4 O-O 9. Be2 Na6 10. O-O Nc7 11. a4 Re8 12. f3 b6 13. Kh1 Rb8 14. Nb5 a6 15. Na7 Bb7 16. Nc4 b5 17. Na5 Qd7 18. N7c6 Bxc6 19. dxc6 Qe6 20. axb5 axb5 21. Bf4 Bf8 22. Nb7 Nh5 23. Bxd6 Bxd6 24. Qxd6 Qxd6 25. Nxd6 Re6 26. Rfd1 Rb6 27. Ra7 Rxc6 28. Nxb5 Nxb5 29. Bxb5 Red6 30. Rxd6 Rxd6 31. g3 Nf6 32. Bc4 Nd7 33. f4 g5 34. e5 Rd1+ 35. Kg2 Rd2+ 36. Kf3 gxf4 37. gxf4 Kf8 38. b3 h6 39. h4 Rd4 40. Rb7 h5 41. Ke3 1-0

[Event "BL 2324 HSK Lister Turm - SK Doppelbauer"]
[Site "?"]
[Date "2024.02.24"]
[Round "10.6"]
[White "Hoeffer, David"]
[Black "Meshkovs, Nikita"]
[Result "0-1"]
[WhiteElo "2312"]
[BlackElo "2548"]
[PlyCount "116"]
[EventDate "2024.??.??"]

1. d4 d5 2. Nc3 Bf5 3. f3 Bg6 4. e4 dxe4 5. fxe4 e5 6. dxe5 Qxd1+ 7. Kxd1 Nd7 8. Nf3 O-O-O 9. Bd3 Ne7 10. Bg5 h6 11. Bxe7 Bxe7 12. Nd5 Rde8 13. e6 fxe6 14. Nxe7+ Rxe7 15. e5 Bh5 16. Re1 Rf8 17. Re3 Nb6 18. c4 Rf4 19. Rc1 Ref7 20. Ke2 Bxf3+ 21. Rxf3 Rxf3 22. gxf3 Nd7 23. Be4 c5 24. Ke3 Nxe5 25. h4 g5 26. hxg5 hxg5 27. b3 Rg7 28. Rh1 Nf7 29. Rh2 Kc7 30. f4 gxf4+ 31. Kxf4 b6 32. Bf3 Kd6 33. Rd2+ Ke7 34. Rh2 Kf6 35. Rd2 Rh7 36. Be4 Rh4+ 37. Ke3 Ke5 38. Bg2 Nd6 39. Kf3 Rf4+ 40. Ke2 Rd4 41. Rb2 Nf5 42. Rb1 Nh4 43. Bc6 Ng6 44. Re1 Kf5 45. Ke3 Nf4 46. Rh1 Rd3+ 47. Kf2 Rd6 48. Ba4 Rd2+ 49. Ke3 Rd3+ 50. Kf2 e5 51. Rh7 Rd2+ 52. Ke1 Rxa2 53. Rxa7 Nd3+ 54. Kf1 Kf4 55. Rf7+ Ke3 56. Re7 Rf2+ 57. Kg1 Rf6 58. Re8 e4 0-1

[Event "BL 2324 HSK Lister Turm - SK Doppelbauer"]
[Site "?"]
[Date "2024.02.24"]
[Round "10.7"]
[White "Thybo, Jesper Sondergaard"]
[Black "Hampel, Felix"]
[Result "1-0"]
[WhiteElo "2533"]
[BlackElo "2311"]
[PlyCount "71"]
[EventDate "2024.??.??"]

1. d4 Nf6 2. c4 g6 3. Nc3 Bg7 4. e4 d6 5. Be2 O-O 6. Nf3 e5 7. O-O Nc6 8. dxe5 dxe5 9. Bg5 Qxd1 10. Rfxd1 h6 11. Be3 b6 12. h3 Bb7 13. a3 Rad8 14. Bd3 Rfe8 15. Nd5 Nxd5 16. cxd5 Nd4 17. Rac1 c5 18. b4 Rc8 19. bxc5 Rxc5 20. Rxc5 bxc5 21. Rb1 Re7 22. Nd2 Kh7 23. Nb3 Bc8 24. Na5 Bf6 25. Rb8 Bd7 26. Bc4 Ba4 27. Rc8 Rd7 28. Ba6 Kg7 29. Nb7 Bb5 30. Nxc5 Bxa6 31. Nxa6 Rb7 32. Nc7 Kh7 33. d6 Rb1+ 34. Kh2 Rd1 35. Nd5 Bg5 36. Bxg5 1-0

[Event "BL 2324 HSK Lister Turm - SK Doppelbauer"]
[Site "?"]
[Date "2024.02.24"]
[Round "10.8"]
[White "Voege, Tobias"]
[Black "Pajeken, Jakob Leon"]
[Result "1/2-1/2"]
[WhiteElo "2286"]
[BlackElo "2426"]
[PlyCount "53"]
[EventDate "2024.??.??"]

1. d4 Nf6 2. c4 e6 3. Nf3 b6 4. a3 Bb7 5. Bf4 d5 6. cxd5 exd5 7. Nc3 Bd6 8. Bg5 O-O 9. e3 h6 10. Bh4 Nbd7 11. Bd3 a6 12. O-O Re8 13. Rc1 Qe7 14. Bb1 Qe6 15. Ba2 Qf5 16. Ne2 Ne4 17. Nd2 Ndf6 18. Nxe4 Nxe4 19. Ng3 Nxg3 20. Bxg3 Bxg3 21. hxg3 Rac8 22. b4 c6 23. Bb1 Qg5 24. Rc3 g6 25. Qf3 Re6 26. Qf4 Kg7 27. Qxg5 1/2-1/2

[Event "BL 2324 SK Kirchweyhe - MSA Zugzwang"]
[Site "?"]
[Date "2024.02.25"]
[Round "11.1"]
[White "Eljanov, Pavel"]
[Black "Kadric, Denis"]
[Result "1-0"]
[WhiteElo "2699"]
[BlackElo "2586"]
[PlyCount "45"]
[EventDate "2024.??.??"]

1. d4 Nf6 2. c4 g6 3. Nc3 Bg7 4. e4 d6 5. h3 e5 6. d5 a5 7. Bg5 Na6 8. Bd3 Bd7 9. Nge2 h6 10. Be3 h5 11. Qd2 a4 12. O-O O-O 13. Kh1 c6 14. f4 cxd5 15. fxe5 Nxe4 16. Bxe4 dxe4 17. Bg5 Qc8 18. Nd5 Qxc4 19. Nf6+ Bxf6 20. Bxf6 Kh7 21. Ng3 Nc5 22. Nxh5 Ne6 23. Bg7 1-0

[Event "BL 2324 SK Kirchweyhe - MSA Zugzwang"]
[Site "?"]
[Date "2024.02.25"]
[Round "11.5"]
[White "Hertneck, Gerald"]
[Black "Stevic, Hrvoje"]
[Result "0-1"]
[WhiteElo "2434"]
[BlackElo "2541"]
[PlyCount "86"]
[EventDate "2024.??.??"]

1. d4 d5 2. Nf3 Nf6 3. c4 c6 4. cxd5 cxd5 5. Nc3 Nc6 6. Bf4 a6 7. e3 Bg4 8. Be2 e6 9. O-O Bd6 10. Ne5 Bxe2 11. Qxe2 Rc8 12. Bg3 O-O 13. Rfd1 Qe7 14. f4 Ne4 15. Nxe4 dxe4 16. Nxc6 Rxc6 17. d5 exd5 18. Rxd5 Rd8 19. Rad1 Bc7 20. Rxd8+ Bxd8 21. Rd5 Rc1+ 22. Kf2 Qc7 23. f5 Qc8 24. Bf4 Bh4+ 25. g3 Bf6 26. g4 h6 27. Rd1 Bxb2 28. Kg3 Bf6 29. h4 Rxd1 30. Qxd1 Qd8 31. Qxd8+ Bxd8 32. g5 hxg5 33. Bxg5 f6 34. Bf4 Bb6 35. h5 Bc5 36. Kf2 b5 37. Ke2 a5 38. Kd2 b4 39. Kc2 a4 40. Kb2 Kf7 41. Kc2 Ke8 42. h6 gxh6 43. Bxh6 Bd6 0-1

[Event "BL 2324 SK Kirchweyhe - MSA Zugzwang"]
[Site "?"]
[Date "2024.02.25"]
[Round "11.6"]
[White "Jovanovic, Zoran"]
[Black "Zysk, Robert"]
[Result "1-0"]
[WhiteElo "2525"]
[BlackElo "2389"]
[PlyCount "85"]
[EventDate "2024.??.??"]

1. e4 e6 2. d4 d5 3. Nc3 Nf6 4. Bg5 dxe4 5. Nxe4 Nbd7 6. Nf3 h6 7. Bxf6 Nxf6 8. Bd3 Be7 9. Qe2 Nxe4 10. Bxe4 c5 11. O-O-O O-O 12. dxc5 Qc7 13. Ne5 Bxc5 14. f4 Bd6 15. g3 Bxe5 16. fxe5 Bd7 17. Rd6 Bc6 18. Bxc6 bxc6 19. Rf1 Rab8 20. Rf4 Qa5 21. a4 Rb4 22. b3 Rxf4 23. gxf4 Qc3 24. Kb1 Rb8 25. Qd3 Qe1+ 26. Kb2 Qh4 27. Qg3 Qe7 28. Rxc6 Rd8 29. Qe3 g6 30. Rc4 Qh4 31. h3 Qe7 32. Qc5 Qxc5 33. Rxc5 g5 34. fxg5 hxg5 35. a5 Kg7 36. b4 Rh8 37. Rc7 Rh4 38. c3 a6 39. Rc6 Rxh3 40. Rxa6 g4 41. Rd6 g3 42. Rd1 Kg6 43. a6 1-0

[Event "BL 2324 SK Kirchweyhe - MSA Zugzwang"]
[Site "?"]
[Date "2024.02.25"]
[Round "11.7"]
[White "Kruckenhauser, Arthur"]
[Black "Kovacevic, Aleksandar"]
[Result "1/2-1/2"]
[WhiteElo "2351"]
[BlackElo "2453"]
[PlyCount "131"]
[EventDate "2024.??.??"]

1. e4 c5 2. Nc3 d6 3. Bb5+ Nd7 4. a4 a6 5. Be2 Ngf6 6. f4 e6 7. Nf3 b6 8. O-O Bb7 9. d3 Be7 10. Qe1 O-O 11. Nd1 c4 12. e5 cxd3 13. Bxd3 Ne8 14. b4 a5 15. c3 g6 16. Be4 Bxe4 17. Qxe4 Rc8 18. Bd2 axb4 19. cxb4 dxe5 20. fxe5 Nxe5 21. Qxe5 Bf6 22. Bg5 Bxe5 23. Bxd8 Bxa1 24. Bxb6 Nf6 25. Ne3 Bc3 26. Bc5 Rfd8 27. Nd1 Ba1 28. Ne3 Bb2 29. Nd1 Ba1 30. Ne3 Bc3 31. Nd1 Ne4 32. Nxc3 Nxc3 33. a5 Rd5 34. a6 Na4 35. Bd4 Ra8 36. a7 Rb5 37. Rb1 f6 38. Nd2 e5 39. Be3 Nc3 40. Rb3 Nd5 41. Bc5 Rxc5 42. bxc5 Rxa7 43. c6 Ra1+ 44. Kf2 Rc1 45. Rb8+ Kf7 46. Rb7+ Ke6 47. Rxh7 Rxc6 48. h4 Rc2 49. Ke1 Nc3 50. h5 e4 51. hxg6 e3 52. Nb3 Rxg2 53. Nd4+ Kd5 54. Kf1 Rxg6 55. Nc2 Rg3 56. Re7 e2+ 57. Kf2 Rh3 58. Rc7 f5 59. Kg2 Kd6 60. Rc8 Re3 61. Kf2 Nd1+ 62. Ke1 Re5 63. Nd4 f4 64. Nxe2 f3 65. Kxd1 Rxe2 66. Rc3 1/2-1/2

[Event "BL 2324 SV Werder Bremen - FC Bayern Mü"]
[Site "?"]
[Date "2024.02.25"]
[Round "11.2"]
[White "Ivic, Velimir"]
[Black "Huschenbeth, Niclas"]
[Result "1-0"]
[WhiteElo "2567"]
[BlackElo "2618"]
[PlyCount "107"]
[EventDate "2024.??.??"]

1. e4 e5 2. Nf3 Nc6 3. Bb5 a6 4. Ba4 Nf6 5. d3 b5 6. Bb3 Bc5 7. c3 d6 8. Nbd2 O-O 9. Nf1 Re8 10. Ng3 d5 11. Bg5 d4 12. Bd5 Qd6 13. Bxf6 Qxf6 14. cxd4 Bb4+ 15. Kf1 Rb8 16. Qb3 Bf8 17. Nh5 Qg6 18. Bxc6 Qxc6 19. Nxe5 Rxe5 20. dxe5 Bg4 21. Nf4 Rd8 22. e6 Qd6 23. h3 Bxe6 24. Nxe6 fxe6 25. g3 Qxd3+ 26. Qxd3 Rxd3 27. Ke2 Rd4 28. f3 Bd6 29. Rhd1 Rc4 30. Rdc1 Rb4 31. b3 Bxg3 32. Rc6 a5 33. Rd1 a4 34. Rd3 axb3 35. axb3 Kf7 36. Kd2 Be5 37. Rc5 Kf6 38. Kc2 g5 39. Rd8 Bd6 40. Rc6 Rd4 41. Rxc7 h5 42. Rcd7 Ke5 43. Rh7 h4 44. Rh6 Bc5 45. Rxd4 Bxd4 46. Kd3 Bb2 47. Rg6 Kf4 48. Ke2 e5 49. Kf2 Bd4+ 50. Kg2 b4 51. Rf6+ Ke3 52. Rf5 Kd3 53. Rxg5 Kc3 54. f4 1-0

[Event "BL 2324 SV Werder Bremen - FC Bayern Mü"]
[Site "?"]
[Date "2024.02.25"]
[Round "11.5"]
[White "Alonso Rosell, Alvar"]
[Black "Aditya Mittal"]
[Result "1/2-1/2"]
[WhiteElo "2564"]
[BlackElo "2588"]
[PlyCount "87"]
[EventDate "2024.??.??"]

1. c4 e5 2. a3 Nf6 3. Nc3 Nc6 4. Nf3 d5 5. cxd5 Nxd5 6. d3 Be7 7. e4 Nb6 8. Be2 O-O 9. O-O Be6 10. Be3 Bf6 11. Na4 Nxa4 12. Qxa4 Qd7 13. Rfc1 Rfd8 14. h3 Nd4 15. Qxd7 Nxe2+ 16. Kf1 Ng3+ 17. fxg3 Rxd7 18. Ke2 h5 19. Rc3 c6 20. Rc5 Re8 21. Rac1 g6 22. R5c3 a6 23. Ng5 Bd8 24. Nxe6 Rxe6 25. g4 hxg4 26. hxg4 f6 27. b4 Be7 28. Rc4 g5 29. a4 Bf8 30. Bd2 Red6 31. R4c3 Kf7 32. b5 axb5 33. axb5 cxb5 34. Rb1 Ra6 35. Rxb5 Ra2 36. Rcb3 Kg6 37. Rxb7 Rxb7 38. Rxb7 Bc5 39. Rb1 Bd4 40. Kd1 Ra3 41. Ke2 Ra2 42. Rc1 Bb6 43. Kd1 Bd4 44. Rc2 1/2-1/2

[Event "BL 2324 SV Werder Bremen - FC Bayern Mü"]
[Site "?"]
[Date "2024.02.25"]
[Round "11.6"]
[White "Pruijssers, Roeland"]
[Black "Georgiadis, Nico"]
[Result "1-0"]
[WhiteElo "2536"]
[BlackElo "2547"]
[PlyCount "79"]
[EventDate "2024.??.??"]

1. d4 Nf6 2. c4 e6 3. Nf3 d5 4. Nc3 Bb4 5. Bg5 h6 6. Bxf6 Qxf6 7. e3 O-O 8. Rc1 Nc6 9. Qb3 a5 10. a3 a4 11. Qa2 Ba5 12. Be2 dxc4 13. Qxc4 e5 14. d5 Ne7 15. O-O Bxc3 16. Rxc3 c6 17. dxc6 bxc6 18. Qe4 Re8 19. Rc5 Nd5 20. Rfc1 Bf5 21. Qc4 Bd7 22. Rd1 Nb6 23. Qc2 e4 24. Nd4 Re5 25. Rxe5 Qxe5 26. Nxc6 Bxc6 27. Qxc6 Qxb2 28. Bf1 Rc8 29. Qb7 Re8 30. Rd4 Re6 31. Rd8+ Kh7 32. Qxf7 Qf6 33. Qg8+ Kg6 34. g3 Qf7 35. Qxf7+ Kxf7 36. Rd4 Kf6 37. Bg2 Rc6 38. Bxe4 Rc1+ 39. Kg2 Nc4 40. Bd3 1-0

[Event "BL 2324 SV Werder Bremen - FC Bayern Mü"]
[Site "?"]
[Date "2024.02.25"]
[Round "11.7"]
[White "Bogner, Sebastian"]
[Black "Grigorian, Spartak"]
[Result "1/2-1/2"]
[WhiteElo "2538"]
[BlackElo "2435"]
[PlyCount "96"]
[EventDate "2024.??.??"]

1. Nf3 d5 2. d4 Nf6 3. c4 c6 4. Nc3 e6 5. e3 a6 6. h3 c5 7. cxd5 exd5 8. b3 cxd4 9. Nxd4 Bb4 10. Bd2 O-O 11. Bd3 Nc6 12. Nxc6 bxc6 13. O-O a5 14. Na4 Ba6 15. Bxa6 Rxa6 16. Rc1 Qd6 17. Rc2 Ne4 18. Bxb4 axb4 19. Qd4 Ng5 20. Rfc1 Ne6 21. Qd2 Rfa8 22. h4 h5 23. g3 g6 24. e4 Qe5 25. Qe3 dxe4 26. Rc4 f5 27. Rxb4 Rd8 28. Kg2 Rd3 29. Qh6 Nf8 30. Rb7 e3 31. Re1 Qd5+ 32. Kh2 Qd4 33. Nc5 exf2 34. Rf1 Rxg3 35. Qxf8+ Kxf8 36. Ne6+ Ke8 37. Nxd4 Rg4 38. Nf3 Rxa2 39. Rc7 Rf4 40. Kg2 Rg4+ 41. Kh3 f4 42. Kh2 Rg3 43. Ne5 Re3 44. Rc8+ Ke7 45. Nxg6+ Kd7 46. Rf8 Re1 47. Kg2 Raa1 48. Rxf2 Rg1+ 1/2-1/2

[Event "BL 2324 SV Werder Bremen - FC Bayern Mü"]
[Site "?"]
[Date "2024.02.25"]
[Round "11.8"]
[White "Reuker, Jari"]
[Black "Bischoff, Klaus"]
[Result "1/2-1/2"]
[WhiteElo "2369"]
[BlackElo "2453"]
[PlyCount "85"]
[EventDate "2024.??.??"]

1. d4 e6 2. c4 Bb4+ 3. Bd2 Bxd2+ 4. Qxd2 Nf6 5. Nc3 d5 6. e3 O-O 7. cxd5 Nxd5 8. Nf3 c6 9. Bd3 b6 10. h4 Nd7 11. Ne4 N7f6 12. Neg5 h6 13. e4 Ne7 14. Qf4 Ng6 15. Qh2 e5 16. O-O-O Ng4 17. Qg3 Qf6 18. Nh3 exd4 19. h5 N6e5 20. Nxd4 c5 21. Nb5 Nxd3+ 22. Rxd3 Ne5 23. Rd6 Be6 24. Qc3 c4 25. Kb1 Rad8 26. Rhd1 Rxd6 27. Rxd6 Ng4 28. f3 Qe7 29. Qd4 Nf6 30. Nf4 Bc8 31. a4 Nd7 32. Nxa7 Nc5 33. Nc6 Qh4 34. Rd8 Bd7 35. Rxf8+ Kxf8 36. Qd6+ Kg8 37. Ne7+ Kh7 38. Ka2 c3 39. Nfg6 Qf2 40. Nf8+ Kh8 41. Nfg6+ Kh7 42. Nf8+ Kh8 43. Nfg6+ 1/2-1/2

[Event "BL 2324 Schachfreunde Deizisau - OSG Bad"]
[Site "?"]
[Date "2024.02.25"]
[Round "11.2"]
[White "Kollars, Dmitrij"]
[Black "Rapport, Richard"]
[Result "1/2-1/2"]
[WhiteElo "2619"]
[BlackElo "2717"]
[PlyCount "68"]
[EventDate "2024.??.??"]

1. e4 c5 2. Nf3 d6 3. Bb5+ Bd7 4. Bxd7+ Nxd7 5. O-O e6 6. c3 Ngf6 7. Qe2 Be7 8. d4 O-O 9. Rd1 cxd4 10. cxd4 b5 11. a3 a5 12. Bg5 h6 13. Bh4 Rb8 14. a4 bxa4 15. Rxa4 d5 16. exd5 Nxd5 17. Bxe7 Nxe7 18. Nc3 Qb6 19. d5 Nxd5 20. Nxd5 exd5 21. Rxd5 Rfe8 22. Qf1 Nc5 23. Rc4 Ne4 24. Rdd4 Nf6 25. Rc2 Rbc8 26. Rxc8 Rxc8 27. Qb1 Qb3 28. h3 g6 29. Qd1 Qxd1+ 30. Rxd1 Rc2 31. Rd2 Rc1+ 32. Kh2 Ne4 33. Re2 Nc5 34. Ne5 a4 1/2-1/2

[Event "BL 2324 Schachfreunde Deizisau - OSG Bad"]
[Site "?"]
[Date "2024.02.25"]
[Round "11.3"]
[White "Aronian, Levon"]
[Black "Kamsky, Gata"]
[Result "1/2-1/2"]
[WhiteElo "2725"]
[BlackElo "2623"]
[PlyCount "61"]
[EventDate "2024.??.??"]

1. e4 Nf6 2. e5 Nd5 3. d4 d6 4. Nf3 g6 5. Bc4 c6 6. O-O Bg7 7. h3 O-O 8. Re1 dxe5 9. Nxe5 Be6 10. Nd2 Nd7 11. Nxd7 Qxd7 12. c3 Nc7 13. Bf1 Rad8 14. Qa4 a6 15. Nf3 Bd5 16. Ne5 Qc8 17. Nd3 Rfe8 18. b3 Ne6 19. Qa5 Qb8 20. Bb2 b6 21. Qa3 a5 22. Rad1 Nf4 23. c4 Nxd3 24. Bxd3 Be6 25. Be4 Qc7 26. d5 Bxb2 27. Qxb2 cxd5 28. cxd5 Bd7 29. Bf3 Qd6 30. Rd4 Qf6 31. Re3 1/2-1/2

[Event "BL 2324 Schachfreunde Deizisau - OSG Bad"]
[Site "?"]
[Date "2024.02.25"]
[Round "11.7"]
[White "Donchenko, Alexander"]
[Black "Kozak, Adam"]
[Result "1-0"]
[WhiteElo "2636"]
[BlackElo "2600"]
[PlyCount "89"]
[EventDate "2024.??.??"]

1. d4 Nf6 2. c4 e6 3. Nf3 d5 4. g3 Bb4+ 5. Bd2 Bd6 6. Bg2 O-O 7. O-O c6 8. Nc3 Nbd7 9. b3 h6 10. Qc2 dxc4 11. bxc4 e5 12. e3 Re8 13. Rad1 Qe7 14. Bc1 Nf8 15. dxe5 Bxe5 16. Bb2 Ng6 17. h3 Bc7 18. Ne2 Ne5 19. Nxe5 Bxe5 20. Nd4 Bd7 21. Rfe1 c5 22. Nb5 Bxb5 23. Bxe5 Qxe5 24. cxb5 Qc7 25. e4 Rad8 26. Rxd8 Rxd8 27. e5 Nh7 28. e6 fxe6 29. Rxe6 Nf6 30. Qe2 Kf7 31. Re3 b6 32. Bc6 Qd6 33. Kg2 Kf8 34. Re6 Qc7 35. a4 Kf7 36. Re3 Kf8 37. Qc2 a5 38. Qf5 Kg8 39. Re6 Rf8 40. Bf3 Nh7 41. Bd5 Kh8 42. Qg6 Nf6 43. Rxf6 Rxf6 44. Qe8+ Kh7 45. Bg8+ 1-0

[Event "BL 2324 SC Viernheim - SC Ötigheim"]
[Site "?"]
[Date "2024.02.25"]
[Round "11.2"]
[White "Abdusattorov, Nodirbek"]
[Black "Iturrizaga Bonelli, Eduardo"]
[Result "1-0"]
[WhiteElo "2744"]
[BlackElo "2602"]
[PlyCount "103"]
[EventDate "2024.??.??"]

1. e4 c6 2. d4 d5 3. e5 Bf5 4. Nd2 e6 5. Nb3 Nd7 6. Nf3 Qc7 7. Be2 c5 8. dxc5 Bxc5 9. Nxc5 Qxc5 10. c3 Ne7 11. Qa4 Qc7 12. Nd4 O-O 13. f4 Be4 14. O-O Nf5 15. Nxf5 Bxf5 16. Be3 Nb6 17. Qb4 Nc4 18. Bd4 Rfc8 19. b3 a5 20. Qa4 b5 21. Qxb5 Na3 22. Qa4 Nc2 23. Rac1 Qe7 24. Rfd1 h6 25. Bf3 Rab8 26. Be2 Kh7 27. Rf1 Nxd4 28. Qxd4 Qa3 29. Qd2 a4 30. Bd1 Rc7 31. h4 Be4 32. Re1 axb3 33. axb3 Kh8 34. c4 Bf5 35. Bf3 dxc4 36. bxc4 Rbc8 37. Qd4 Qa4 38. Be2 Rd7 39. Qe3 Bc2 40. Bf1 Rcd8 41. c5 Rd4 42. Qc3 Rd2 43. c6 Qxf4 44. Qe3 Qb4 45. Re2 Rxe2 46. Bxe2 Be4 47. c7 Rc8 48. Bf1 Bd5 49. h5 Qe7 50. Qc3 Qg5 51. Rc2 Be4 52. Rb2 1-0

[Event "BL 2324 SC Viernheim - SC Ötigheim"]
[Site "?"]
[Date "2024.02.25"]
[Round "11.4"]
[White "Mamedyarov, Shakhriyar"]
[Black "Laurent-Paoli, Pierre"]
[Result "1-0"]
[WhiteElo "2722"]
[BlackElo "2537"]
[PlyCount "113"]
[EventDate "2024.??.??"]

1. Nf3 d5 2. b3 Nf6 3. Bb2 e6 4. c4 b6 5. g3 Bb7 6. Bg2 Nbd7 7. O-O Be7 8. cxd5 exd5 9. Nd4 O-O 10. Nf5 Re8 11. Nxe7+ Qxe7 12. Nc3 Rab8 13. d4 Ne4 14. Qc2 Ndf6 15. Rac1 c6 16. Nd1 Qe6 17. f3 Nd6 18. Re1 Rbd8 19. Nf2 h5 20. e4 dxe4 21. fxe4 Ng4 22. h3 Nxf2 23. Qxf2 f5 24. d5 cxd5 25. exd5 Qf7 26. Rxe8+ Nxe8 27. Qd2 Rd7 28. Re1 Nd6 29. Rf1 Qg6 30. Qf4 Qf7 31. Qe5 Ba6 32. Rf4 Bd3 33. g4 hxg4 34. hxg4 Be4 35. Bxe4 Nxe4 36. Qb8+ Qf8 37. Qxf8+ Kxf8 38. Rxf5+ Kg8 39. Kg2 Nd6 40. Re5 Nf7 41. Re8+ Kh7 42. Kf3 a5 43. Rf8 Ng5+ 44. Ke3 Rxd5 45. Rf5 Rxf5 46. gxf5 g6 47. Kf4 Nh3+ 48. Ke5 gxf5 49. Kxf5 b5 50. Bd4 a4 51. b4 Kh6 52. Kg4 Kg6 53. Kxh3 Kf5 54. Kg3 Ke4 55. Bc5 a3 56. Kf2 Kd3 57. Kf3 1-0

[Event "BL 2324 SC Viernheim - SC Ötigheim"]
[Site "?"]
[Date "2024.02.25"]
[Round "11.5"]
[White "Grigoriants, Sergey"]
[Black "Maghsoodloo, Parham"]
[Result "0-1"]
[WhiteElo "2541"]
[BlackElo "2715"]
[PlyCount "78"]
[EventDate "2024.??.??"]

1. c4 e5 2. g3 Nf6 3. Bg2 d5 4. cxd5 Nxd5 5. Nc3 Nxc3 6. bxc3 Nc6 7. Qc2 Bd6 8. Nf3 O-O 9. O-O h6 10. d4 Re8 11. Bb2 Qf6 12. e4 Bg4 13. dxe5 Nxe5 14. Nxe5 Qxe5 15. f4 Qh5 16. Rae1 Rad8 17. e5 Bc5+ 18. Kh1 Bf5 19. Be4 Bxe4+ 20. Rxe4 Qg6 21. Bc1 Qc6 22. Qg2 Rd3 23. f5 Rxc3 24. e6 fxe6 25. f6 Rf8 26. Bb2 Re3 27. Rxe3 Qxg2+ 28. Kxg2 Bxe3 29. Re1 Bc5 30. Rxe6 g6 31. Re5 b6 32. Rd5 Bd6 33. g4 Re8 34. Kf3 Re1 35. h4 Rf1+ 36. Ke3 Kf7 37. g5 hxg5 38. hxg5 Ke6 39. Rd3 Rg1 0-1

[Event "BL 2324 SC Viernheim - SC Ötigheim"]
[Site "?"]
[Date "2024.02.25"]
[Round "11.7"]
[White "Georgiev, Kiril"]
[Black "Kryvoruchko, Yuriy"]
[Result "1/2-1/2"]
[WhiteElo "2542"]
[BlackElo "2657"]
[PlyCount "83"]
[EventDate "2024.??.??"]

1. e4 c5 2. Nf3 Nc6 3. Bb5 e6 4. O-O Nge7 5. Re1 a6 6. Bf1 Ng6 7. c3 Be7 8. d4 cxd4 9. cxd4 d5 10. Nc3 dxe4 11. Rxe4 O-O 12. d5 Nb4 13. Rd4 Nxd5 14. Nxd5 exd5 15. Rxd5 Qb6 16. b3 Be6 17. Be3 Qc7 18. Rc1 Qb8 19. Rd2 Ba3 20. Rcc2 Bf5 21. Bd3 Bxd3 22. Rxd3 Rd8 23. g3 Rxd3 24. Qxd3 Qe8 25. Qd5 Rc8 26. Rxc8 Qxc8 27. Ng5 Qc7 28. Bb6 Qe7 29. Ne4 Nf8 30. Bc5 Bxc5 31. Nxc5 Qe1+ 32. Kg2 Qa5 33. b4 Qxb4 34. Nxb7 Qa4 35. Nc5 Qb5 36. a4 Qb4 37. h4 h6 38. Qc6 Qc4 39. a5 h5 40. Qd6 Ne6 41. Nxe6 fxe6 42. Qd8+ 1/2-1/2

[Event "BL 2324 SC Viernheim - SC Ötigheim"]
[Site "?"]
[Date "2024.02.25"]
[Round "11.8"]
[White "Amin, Bassem"]
[Black "Lai, Hing Ting"]
[Result "1-0"]
[WhiteElo "2671"]
[BlackElo "2486"]
[PlyCount "57"]
[EventDate "2024.??.??"]

1. e4 c6 2. d4 d5 3. e5 Bf5 4. h4 h5 5. Bd3 Bxd3 6. Qxd3 e6 7. Nf3 Qa5+ 8. Nbd2 Qa6 9. c4 Ne7 10. O-O Nf5 11. Rd1 Be7 12. g3 Nd7 13. Qc2 O-O 14. b3 Rfd8 15. a4 b6 16. Nf1 Qb7 17. cxd5 cxd5 18. Ne3 Nxe3 19. Bxe3 Rac8 20. Qe2 g6 21. Ng5 Kg7 22. g4 Rh8 23. Rac1 Rcf8 24. Rc3 hxg4 25. Qxg4 Ba3 26. Bd2 Be7 27. Rdc1 Rc8 28. Nxe6+ fxe6 29. h5 1-0

[Event "BL 2324 SV Mülheim Nord - SC Remagen Si"]
[Site "?"]
[Date "2024.02.25"]
[Round "11.2"]
[White "Fridman, Daniel"]
[Black "Pavlidis, Antonios"]
[Result "1/2-1/2"]
[WhiteElo "2593"]
[BlackElo "2563"]
[PlyCount "120"]
[EventDate "2024.??.??"]

1. Nf3 Nf6 2. g3 g6 3. Bg2 Bg7 4. d4 O-O 5. O-O d6 6. b3 e5 7. dxe5 dxe5 8. Ba3 Qxd1 9. Rxd1 Re8 10. c4 Nc6 11. Nc3 e4 12. Ne1 e3 13. f3 Bf5 14. g4 Be6 15. Rac1 Rad8 16. Rxd8 Rxd8 17. Bc5 Nd4 18. Nc2 Nxc2 19. Rxc2 Rd2 20. Rxd2 exd2 21. Nd1 a5 22. Be3 a4 23. Bxd2 axb3 24. axb3 Nd7 25. Bc3 Bh6 26. Bd4 c5 27. Be3 Bg7 28. Nf2 b5 29. cxb5 Bxb3 30. f4 Ba4 31. b6 Nxb6 32. Bxc5 Nd7 33. Ba7 Bb3 34. Bc6 Nf6 35. e4 Be6 36. h3 Bd7 37. Bb7 Ne8 38. Bc5 Nc7 39. e5 Ne6 40. Be3 g5 41. f5 Nd8 42. Bd5 Bxe5 43. Bxg5 Nc6 44. Nd3 Bc3 45. Kg2 Nb4 46. Nxb4 Bxb4 47. Bh6 Bc3 48. Kf3 Bg7 49. Bg5 h5 50. f6 hxg4+ 51. hxg4 Bf8 52. Bf4 Ba4 53. Be4 Bb4 54. Bh6 Bd1+ 55. Kg3 Be1+ 56. Kh3 Be2 57. Bf5 Bf1+ 58. Kh2 Be2 59. Kg2 Bh4 60. g5 Bh5 1/2-1/2

[Event "BL 2324 SV Mülheim Nord - SC Remagen Si"]
[Site "?"]
[Date "2024.02.25"]
[Round "11.3"]
[White "Plat, Vojtech"]
[Black "Tregubov, Pavel V."]
[Result "1/2-1/2"]
[WhiteElo "2525"]
[BlackElo "2567"]
[PlyCount "41"]
[EventDate "2024.??.??"]

1. e4 e5 2. Nf3 Nf6 3. Nxe5 d6 4. Nf3 Nxe4 5. Nc3 Nf6 6. d4 Be7 7. Bd3 O-O 8. h3 Nbd7 9. O-O b6 10. Re1 Bb7 11. Ne4 Nxe4 12. Bxe4 Bxe4 13. Rxe4 Re8 14. Qd3 d5 15. Re1 Bd6 16. Bg5 f6 17. Bd2 c6 18. Rxe8+ Qxe8 19. Re1 Qf7 20. Qa6 Nf8 21. a4 1/2-1/2

[Event "BL 2324 SV Mülheim Nord - SC Remagen Si"]
[Site "?"]
[Date "2024.02.25"]
[Round "11.8"]
[White "Gungl, Theo"]
[Black "Vandenbussche, Thibaut"]
[Result "0-1"]
[WhiteElo "2361"]
[BlackElo "2423"]
[PlyCount "84"]
[EventDate "2024.??.??"]

1. e4 e6 2. d4 d5 3. Nd2 c5 4. Ngf3 cxd4 5. exd5 Qxd5 6. Bc4 Qd6 7. O-O Nf6 8. Nb3 Nc6 9. Nbxd4 Nxd4 10. Nxd4 Be7 11. c3 O-O 12. Qf3 Qc7 13. Bd3 Bd7 14. Bg5 Nd5 15. Bxe7 Nxe7 16. Rfe1 Rad8 17. Rad1 Bc6 18. Qh3 Ng6 19. Bxg6 hxg6 20. Qe3 Bd5 21. b3 Qa5 22. c4 Bc6 23. Nxc6 bxc6 24. Qe2 c5 25. f4 Rd4 26. Rxd4 cxd4 27. Rd1 Rd8 28. g3 g5 29. Qe5 Qxa2 30. Qxg5 Rd7 31. Qb5 Qe2 32. Qxd7 Qxd1+ 33. Kg2 g6 34. Qd8+ Kg7 35. Qd6 Qe2+ 36. Kh3 d3 37. Qd4+ e5 38. fxe5 d2 39. e6+ f6 40. Qd7+ Kh6 41. e7 Qf1+ 42. Kh4 g5+ 0-1